000 00358nam a2200145Ia 4500
008 230711s9999||||xx |||||||||||||| ||und||
041 _aENG
082 _a624
_bDO-R
100 _aDossat,Roy J
245 0 _aPrinciples of refrigeration
250 _a1st
260 _c1991
_aNew Delhi
_bWiley Eastern Limited
650 _aMechanical Engineering
942 _cBK
999 _c2694
_d2694